000 01015nam a22002777a 4500
001 06144
003 HDC
007 cr bn ---aaaaa
008 210123b19991999xxu||||| |||| 00| 0 eng d
020 _a0824719239
040 _aHDC
100 _aBerthiaume, Marianne D.
_eauthor
_96471
245 0 _aSilicones in Cosmetics
_c/ Marianne D. Berthiaume
260 _aNew York:
_bMarcel Dekker,
_c1999
300 _a1 online resource (50 pages):
_billustrations
336 _atext
_2rdacontent
337 _acomputer
_2rdamedia
338 _aonline resource
_2rdacarrier
500 _aOriginally from: Principles of polymer science and technology in cosmetics and personal care, 1999
_aIncludes bibliographical references
650 _aCosmetics
_924
650 _aPolymers
_96461
856 _zRequest full-text at [email protected]
942 _2lcc
942 _cCHAP
942 _kEBCH 004220
999 _c3468
_d3468